000 00557nam a2200229Ia 4500
003 OSt
005 20220918212324.0
006 a|||||r|||| 00| 0
007 ta
008 220917b |||||||| |||| 00| 0 eng d
024 _a128,387
037 _cTextual
040 _aARTS
_cARTS
_beng
041 _2eng
_aeng
082 _aX:1-2, G3
100 _aHobson J A
_9115404
245 0 _aWork and wealth
_b A human valuation
260 _c1933
650 _aECONOMICS
942 _hX:1-2, G3
_cTEXL
_2CC
999 _c251525
_d251525